| 000 | 01140nam a2200301 i 4500 | ||
|---|---|---|---|
| 001 | 18805 | ||
| 003 | BD-RjUL | ||
| 005 | 20211209000334.0 | ||
| 008 | 140222s1958 enkc b 000 0 eng d | ||
| 035 | _a(BD-RjUL)18863 | ||
| 035 | _a(NNC)5259762 | ||
| 040 |
_aTXA _cTXA _dWSU _dNRC _dUKM _dZCU _dBD-RjUL _beng |
||
| 041 | _aeng | ||
| 082 | 0 | 4 |
_a910.45 _218 _bWAE 1958 |
| 099 |
_a820.8 _aW94 no.105 |
||
| 100 | 1 |
_aWarner, Oliver, _d1903-1976. _956996 |
|
| 245 | 1 | 0 |
_aEnglish maritime writing : _bHakluyt to Cook / _cOliver Warner. |
| 260 |
_aLondon ; _aNew York : _bpublished for the British Council and the National Book League by Longmans, Green, _cc1958. |
||
| 300 |
_a35 p. : _bill. ; _c22 cm. |
||
| 490 | 1 |
_aBibliographical series of supplements to British book news on writers and their work ; _vno. 105 |
|
| 504 | _aBibliography: p. 33-35. | ||
| 650 | 0 |
_aVoyages and travels. _938316 |
|
| 650 | 0 |
_aEnglish literature _xHistory and criticism. _957972 |
|
| 830 | 0 |
_vno. 105. _957982 |
|
| 830 | 0 |
_aBibliographical series of supplements to British book news on writers and their work ; _957983 |
|
| 942 |
_2ddc _cBK |
||
| 999 |
_c18805 _d18805 |
||